A methodical system of universal law : (Record no. 34407)
[ view plain ]
| 000 -LEADER | |
|---|---|
| fixed length control field | 01456nam a2200337 4500 |
| 008 - FIXED-LENGTH DATA ELEMENTS--GENERAL INFORMATION | |
| fixed length control field | 100611r20081763inu b 001 0 eng |
| 020 ## - INTERNATIONAL STANDARD BOOK NUMBER | |
| International Standard Book Number | 0865974780 :USD13.43 |
| 020 ## - INTERNATIONAL STANDARD BOOK NUMBER | |
| International Standard Book Number | 0865974799 |
| 020 ## - INTERNATIONAL STANDARD BOOK NUMBER | |
| International Standard Book Number | 9780865974784 |
| 020 ## - INTERNATIONAL STANDARD BOOK NUMBER | |
| International Standard Book Number | 9780865974791 |
| 041 1# - LANGUAGE CODE | |
| Language code of text/sound track or separate title | eng |
| Language code of original and/or intermediate translations of text | lat |
| 090 ## - LOCALLY ASSIGNED LC-TYPE CALL NUMBER (OCLC); LOCAL CALL NUMBER (OCLC) | |
| Classification number (OCLC) (R) ; Classification number, CALL (RLIN) (NR) | K460 |
| Local cutter number (OCLC) ; Book number/undivided call number, CALL (RLIN) | H36 |
| -- | 2008 |
| 100 1# - MAIN ENTRY--PERSONAL NAME | |
| Personal name | Heineccius, Johann Gottlieb, |
| Dates associated with a name | 1681-1741. |
| 245 12 - TITLE STATEMENT | |
| Title | A methodical system of universal law : |
| Remainder of title | or, The laws of nature and nations : with supplements and a discourse / |
| Statement of responsibility, etc | Johann Gottlieb Heineccius ; translated from the Latin by George Turnbull ; edited and with an introduction by Thomas Ahnert and Peter Schroder. |
| 246 30 - VARYING FORM OF TITLE | |
| Title proper/short title | Laws of nature and nations. |
| 246 30 - VARYING FORM OF TITLE | |
| Title proper/short title | Methodical system of universal law. |
| 260 ## - PUBLICATION, DISTRIBUTION, ETC. (IMPRINT) | |
| Place of publication, distribution, etc | Indianapolis : |
| Name of publisher, distributor, etc | Liberty Fund, |
| Date of publication, distribution, etc | c2008. |
| 300 ## - PHYSICAL DESCRIPTION | |
| Extent | xix, 687 p. ; |
| Dimensions | 23 cm. |
| 490 1# - SERIES STATEMENT | |
| Series statement | Natural law and enlightenment classics. |
| 500 ## - GENERAL NOTE | |
| General note | Originally published: London, Printed for G. Keith [etc.], 1763. |
| 504 ## - BIBLIOGRAPHY, ETC. NOTE | |
| Bibliography, etc | Includes bibliographical references and index (p. 619-651) and index. |
| 505 0# - FORMATTED CONTENTS NOTE | |
| Formatted contents note | 2 volumes in one -- bk. 1. Of the law of nature -- bk. 2. Of the law of nations. |
| 650 #4 - SUBJECT ADDED ENTRY--TOPICAL TERM | |
| Topical term or geographic name as entry element | International law. |
| 650 #4 - SUBJECT ADDED ENTRY--TOPICAL TERM | |
| Topical term or geographic name as entry element | Natural law |
| Form subdivision | Early works to 1800. |
| 650 #4 - SUBJECT ADDED ENTRY--TOPICAL TERM | |
| Topical term or geographic name as entry element | Natural law. |
| 951 ## - EQUIVALENCE OR CROSS-REFERENCE-GEOGRAPHIC NAME/AREA NAME [OBSOLETE] [CAN/MARC only] | |
| General subdivision | 00039275 |
| 700 1# - ADDED ENTRY--PERSONAL NAME | |
| Personal name | Turnbull, George, |
| Dates associated with a name | 1698-1748. |
| 700 1# - ADDED ENTRY--PERSONAL NAME | |
| Personal name | Ahnert, Thomas. |
| 700 1# - ADDED ENTRY--PERSONAL NAME | |
| Personal name | Schrèoder, Peter. |
| 951 ## - EQUIVALENCE OR CROSS-REFERENCE-GEOGRAPHIC NAME/AREA NAME [OBSOLETE] [CAN/MARC only] | |
| -- | 33790 |
| -- | GCK460/H36/2008 |
| -- | 100611120614984 |
| -- | 2000-12-21 |
| Withdrawn status | Lost status | Damaged status | Not for loan | Home library | Current library | Date acquired | Accession number | Shelving control number | Total Checkouts | Full call number | Barcode | Date last seen | Price effective from | Koha item type |
|---|---|---|---|---|---|---|---|---|---|---|---|---|---|---|
| BSOP Library | BSOP Library | 12/21/2000 | 33790 | 127 | GCK460/H36/2008 | 00039275 | 02/23/2013 | 02/23/2013 | Books |
